| 000 | 01408nam a2200349 4500 | ||
|---|---|---|---|
| 001 | 195514 | ||
| 003 | SpMaBN | ||
| 005 | 20241016063113.0 | ||
| 007 | ta | ||
| 008 | 240620s1963 sp spa | ||
| 016 | 7 |
_abimoBNE19971174339 _zIND9100054354 _2SpMaBN |
|
| 017 |
_aM 3875-1958 _bOficina Depósito Legal Madrid |
||
| 035 | _a(OCoLC)431984184 | ||
| 035 | _abimo0000637820 | ||
| 040 |
_aSpMaBN _bspa _cA2 _dES-MaACL |
||
| 080 | _a86-141"19" | ||
| 100 | 0 |
_aBadosa, Enrique, _d1927-2021 _0XX838236 _924566 _eaut |
|
| 245 | 1 | 0 |
_aSalmo XII / _cEnrique Badosa |
| 260 |
_a[Madrid : _bs.n.], _c1963. _f(Imp. Boletín Oficial del Estado) |
||
| 300 |
_a4 p. ; _c24 cm |
||
| 336 |
_2rdacontent _atexto |
||
| 337 |
_2rdamedia _asin mediación |
||
| 338 |
_2rdacarrier _avolumen |
||
| 500 | _aTirada aparte de la revista "Cuadernos hispanoamericanos" n.º 163-164 | ||
| 650 | 0 |
_9236799 _aSalmos |
|
| 852 |
_aES-MaACL _cDEPOF _jFOLL-BUE-40 _gDedicatoria manuscrita del autor, Enrique Badosa, para Antonio Buero Vallejo en cubierta reverso: "Pax es benoun in nafinitate, Antonio Buero Vallejo! Salue! [firma]. XII-LXIII". _hLegado: Antonio Buero Vallejo _9203725 |
||
| 903 |
_932421 _aBuero Vallejo, Antonio, _q1 _d1916-2000 _ednr |
||
| 942 |
_n0 _cFOLLETOS |
||
| 999 |
_c195514 _d195514 |
||